000 00434nam a2200145Ia 4500
008 100204s9999 xx 000 0 und d
082 _b13743
100 _aभावे पुरुषोत्तम भास्कर
245 _aफुलवा
260 _b"मेनका प्रकाशन , पुणे"
_c1977
300 _a111
630 _aफुलवा
730 _aफुलवा
942 _cBOOK
999 _c458175
_d458172